|
|
|
|
| LEADER |
01146nam a2200313 a 4500 |
| 001 |
972 |
| 003 |
BD-DhAAL |
| 005 |
20150704090900.0 |
| 008 |
150704s1989 enk b 001 0 eng |
| 010 |
|
|
|a 89010040
|
| 020 |
|
|
|a 0521381215
|
| 020 |
|
|
|a 0521388163 (pbk.)
|
| 040 |
|
|
|a DLC
|c DLC
|d DLC
|d BD-DhAAL
|
| 050 |
0 |
0 |
|a B2799.E8
|b O54 1989
|
| 082 |
0 |
0 |
|a 170/.92
|2 20
|
| 100 |
1 |
|
|a O'Neill, Onora,
|d 1941-
|9 12761
|
| 245 |
1 |
0 |
|a Constructions of reason :
|b explorations of Kant's practical philosophy /
|c Onora O'Neill.
|
| 260 |
|
|
|a Cambridge [England] ;
|a New York :
|b Cambridge University Press,
|c 1989.
|
| 300 |
|
|
|a xii, 249 p. ;
|c 24 cm.
|
| 500 |
|
|
|a Includes index.
|
| 504 |
|
|
|a Bibliography: p. 235-242.
|
| 541 |
|
|
|e 972
|
| 600 |
1 |
0 |
|a Kant, Immanuel,
|d 1724-1804.
|9 12762
|
| 650 |
|
0 |
|a Ethics, Modern
|y 18th century.
|9 12763
|
| 650 |
|
0 |
|a Reason
|x History
|y 18th century.
|9 12764
|
| 650 |
|
0 |
|a Act (Philosophy)
|x History
|y 18th century.
|9 12765
|
| 942 |
|
|
|2 ddc
|c BK
|
| 999 |
|
|
|c 34917
|d 34917
|
| 952 |
|
|
|0 0
|1 0
|2 ddc
|4 0
|6 170_920000000000000_ONE
|7 0
|9 54663
|a SCL
|b SCL
|c GEN
|d 2015-07-04
|l 8
|m 7
|o 170.92 ONE
|p 3020000972
|r 2025-05-13
|s 2025-04-09
|t 1
|w 2015-07-04
|y BK
|